Histoire du drapeau de la Tchéquie - Statistiques

Statistiques générales
  • Ce quiz a été pris 41 fois
  • Le résultat moyen est 4 sur 6
Statistiques - réponses
Hint Réponse % Correct
Premier drapeau du royaume de Bohême (1198-1804)
78%
Protectorat allemand de Bohême-Moravie (1939-1945)
66%
Deuxième drapeau de la Tchécoslovaquie (1920-1939 et 1945-1992) Tchéquie (depuis 1992)
66%
Grande Moravie (833-907)
59%
Duché de Bohême (872-1198)
47%
Deuxième drapeau du royaume de Bohême (1804-1918) et premier drapeau de la Tchécoslovaquie (1918-1920)
34%
Aucun quiz correspondant
Distribution des résultats
% des personnes avec chaque résultat
Percentile par nombre de réponses
Votre historique - résultats
Vous n’avez pas pris ce quiz